000 00453nam a2200205Ia 4500
008 210210b1921 xxu||||| |||| 00| 0 eng d
041 _aeng
082 _a444/399
100 _aBAZIN (Rene)
245 _aRecits du temps de la guerre
260 _aLondon
_bOxford University Press
_c1921
650 _atemps
650 _aRecits
650 _ala
650 _aguerre
650 _adu
650 _ade
690 _aFrench
906 _a006594
999 _c129583
_d129583